000 00274nam a22001217a 4500
008 170209b xxu||||| |||| 00| 0 eng d
041 _aeng
080 _217
_a61
100 _a4
101 _aSHM
245 _aTABERS CYCLOPEDIC MEDICAL DICTIONARY
_cTHOMAS.L
942 _2udc
_cBK
999 _c5031
_d5031